000 00450nam a22001697a 4500
003 CEME
005 20210628203359.0
008 210118b xxu||||| |||| 00| 0 eng d
040 _cceme
082 _a297 MUH
100 _aMuhammad Yasin Khan. Prof Dr
_965093
245 _aIslamiat-wa-mutal-e- pakistan, for 1st year
260 _aLAHORE
_bKASHIF PUBLISHER
_c2008
300 _a239P
650 _aISLAMIAT FOR 1ST YEAR
_965094
942 _cBK
_2ddc
999 _c573407
_d573407